| 000 | 00820cam a22002531 4500 | ||
|---|---|---|---|
| 001 | 7022531 | ||
| 003 | ARRUPE | ||
| 005 | 20131211161224.0 | ||
| 008 | 741105s1958 sa a b 000 0 eng | ||
| 010 | _a 60029684 | ||
| 035 | _a(OCoLC)1065923 | ||
| 040 |
_aDLC _cNBiSU _dOCoLC _dDLC |
||
| 042 | _apremarc | ||
| 050 | 0 | 0 |
_aSPC N7380 _b.B35 |
| 082 | _a709.6 | ||
| 100 | 1 |
_aBattiss, Walter W. _95505 |
|
| 245 | 1 | 4 |
_aThe art of Africa, _cby Walter W. Battiss [and others] Edited and arr. by J.W. Grossert, with illus. drawn by the authors and Lucy Jacques-Rosset. |
| 260 |
_aPietermaritzburg, _bShuter & Shooter, _c1958. |
||
| 300 |
_a140 p. _billus. _c24 cm. |
||
| 504 | _aIncludes bibliography. | ||
| 650 | 0 |
_aArt, African. _95506 |
|
| 906 |
_a7 _bcbc _coclcrpl _du _encip _f19 _gy-gencatlg |
||
| 942 |
_2lcc _cREFERENCE |
||
| 999 |
_c119203 _d119203 |
||